Metallography in Archeology and Art /

Salvato in:
Dettagli Bibliografici
Autori principali: Scott, David A. (Autore), Schwab, Roland (Autore)
Natura: Libro
Lingua:inglese
Pubblicazione: Cham Springer 2019
Serie:Cultural Heritage Science
Soggetti:
Tags: Aggiungi Tag
Nessun Tag, puoi essere il primo ad aggiungerne!!

MARC

LEADER 00000nam a22000003a 4500
001 0087006
003 SK-STU
005 20210201112339.7
007 ta
008 210201s ----xo-----e------000-0-----d
020 |a 978-3-030-11264-6 
022 |a 2366-6226 
040 |a STU  |b slo 
041 0 |a eng 
044 |a sz 
100 1 |a Scott, David A.  |4 aut 
245 1 0 |a Metallography in Archeology and Art /  |c aut. David A Scott, Roland Schwab 
260 |a Cham  |b Springer  |c 2019 
300 |a 261 s. 
490 0 |a Cultural Heritage Science 
650 0 7 |a metalografia 
700 1 |a Schwab, Roland  |4 aut 
996 |b 284M088550  |c M* 14438-1  |l MMKN  |s A  |a 24  |w 0087006_0001